Italian Brainrot Sudden Death - Statistics

General Stats
  • This quiz has been taken 30 times
  • The average score is 4 of 7
Answers on the Grid
Answers color-coded by a green-red scale on the quiz's grid according to % correct below.
TangTangTanSahur
TongtongtongSahil
TunkTunkTunkJurregeluk
TingTinTingKees
TrongtringtrangKlaas
Prupruprupiriba
Rikkiblikki
Tippie Troppie
TuritiTarata
Taylor Swifdt
BrrBrrPatapim
Nathani Ruccini
Lirililarila
Kipposoepi
Blitzikripini
RonaldiniSUII
Chimpanzini Bananini
Robbi trippi
Tippi Toppi
Trippi troppi
Pizzapizuti
Boneca Ambalabu
Combardino Brocodilo
Flippi Floppi
AnaniElefanti
Infantino Legrassini
TungTungTungSahur
Bombardino Crocodilo
Chellino Spuntino
EveroniSalami
 
Answer Stats
Answer % Correct
Chimpanzini Bananini
84%
TungTungTungSahur
72%
Bombardino Crocodilo
68%
Lirililarila
68%
BrrBrrPatapim
64%
Boneca Ambalabu
44%
Trippi troppi
40%
No matching quizzes found
Score Distribution
Percent of People with Each Score
Percentile by Number Answered
Your Score History
You have not taken this quiz